| 000 | 00471nam a22001577a 4500 | ||
|---|---|---|---|
| 999 |
_c9234 _d9234 |
||
| 008 | 210330b ||||| |||| 00| 0 eng d | ||
| 040 | _aBMS College of Architecture | ||
| 100 | _aN, K, Vinay | ||
| 245 | _aFun city on Bangalore Mysore Highway | ||
| 300 | _aNA | ||
| 500 | _a1BM02AT036 | ||
| 502 |
_8B.Arch _NBMS College of Architecture, Visvesvaraya Technological University _aProject report _d2016 |
||
| 650 | _aNA | ||
| 700 |
_aRajan Sridhar _eGuide |
||
| 942 |
_2ddc _cTHE |
||